000 00367nam a22001577a 4500
005 20180328123456.0
008 160624b xxu||||| |||| 00| 0 eng d
041 _aeng
082 _b9587
_a338.7
100 _aAswathappa, K
_94251
245 _aEssentials of Business Environment
260 _bHPH
_c2008
300 _a565
650 _aManagement
_9241
942 _cBK
999 _c3841
_d3840